[Event "Aut_chT0809"]
[Site "Graz"]
[Date "2009.01.23"]
[Round "5"]
[Board "2"]
[White "Braun, Arik"]
[Black "Polzin, Rainer"]
[Result "1-0"]
[WhiteElo "2558"]
[BlackElo "2500"]
[PlyCount "64"]
[EventDate "2008.11.07"]
[EventType "team"]
[EventRounds "11"]
[EventCountry "AUT"]
[WhiteTeam "SK Hohenems"]
[BlackTeam "ASVOE Wulkaprodersdorf"]

1.d4 Nf6 2.Nf3 g6 3.c4 Bg7 4.g3 O-O 5.Bg2 d6 6.O-O Nc6 7.Nc3 a6 8.d5 Na5 9.b3 c5
10.dxc6 Nxc6 11.Bb2 Bf5 12.Qc1 Rc8 13.Rd1 Qb6 14.e3 Rfd8 15.h3 Nb4 16.Nd4 Nd3
17.Nxf5 Nxc1 18.Nxe7+ Kh8 19.Nxc8 Rxc8 20.Raxc1 Qb4 21.Rd4 Ne8 22.Rf4 Rc7 23.Re4
Nf6 24.Rd4 Qc5 25.Na4 Qe5 26.Rcd1 Qe7 27.Nb6 Kg8 28.Ba3 Rc6 29.Bxc6 bxc6 30.Rxd6
Ne8 31.Rd8 Qe4 32.Nc8 Bf6

[Event "Aut_chT0809"]
[Site "Graz"]
[Date "2009.01.23"]
[Round "5"]
[Board "3"]
[White "Likavsky, Tomas"]
[Black "Bezold, Michael"]
[Result "1/2-1/2"]
[WhiteElo "2498"]
[BlackElo "2509"]
[PlyCount "54"]
[EventDate "2008.11.07"]
[EventType "team"]
[EventRounds "11"]
[EventCountry "AUT"]
[WhiteTeam "ASVOE Wulkaprodersdorf"]
[BlackTeam "SK Hohenems"]

1.d4 d6 2.Nf3 g6 3.c4 Bg7 4.e4 Nf6 5.Nc3 O-O 6.Be2 c5 7.O-O cxd4 8.Nxd4 Nc6
9.Be3 Bd7 10.Nb3 a5 11.Rc1 a4 12.Nd2 a3 13.b3 Nb4 14.f3 Qa5 15.Ndb1 Rfc8 16.Rf2
Bc6 17.Bf1 Nd7 18.Qe1 Nc5 19.Rd1 Nxb3 20.axb3 a2 21.Nxa2 Nxa2 22.Qxa5 Rxa5
23.Bd2 Raa8 24.Be1 Bh6 25.Bd2 Bg7 26.Be1 Bh6 27.Bd2 Bg7

[Event "Aut_chT0809"]
[Site "Graz"]
[Date "2009.01.23"]
[Round "5"]
[Board "4"]
[White "Atlas, Valery"]
[Black "Kalod, Radek"]
[Result "0-1"]
[WhiteElo "2431"]
[BlackElo "2504"]
[PlyCount "134"]
[EventDate "2008.11.07"]
[EventType "team"]
[EventRounds "11"]
[EventCountry "AUT"]
[WhiteTeam "SK Hohenems"]
[BlackTeam "ASVOE Wulkaprodersdorf"]

1.e4 c5 2.Nf3 Nc6 3.Nc3 g6 4.d4 cxd4 5.Nxd4 Bg7 6.Nde2 Nf6 7.g3 d6 8.Bg2 Bd7
9.h3 Qc8 10.a4 O-O 11.Nf4 h5 12.h4 Re8 13.O-O b6 14.Bd2 Rb8 15.Nce2 a6 16.c4 Ne5
17.Rc1 Bc6 18.Nd5 Nd3 19.Rb1 Ne5 20.Rc1 Nd3 21.Rb1 Ne5 22.b3 b5 23.cxb5 axb5
24.a5 b4 25.Rc1 Qd7 26.Be3 Nxd5 27.exd5 Bb5 28.Bb6 Qg4 29.f3 Bxe2 30.fxg4 Bxd1
31.Rfxd1 Nxg4 32.Rc7 Bh6 33.Re1 Kf8 34.Re4 Bd2 35.Kf1 f5 36.Re6 Ne5 37.Bd4 Bc3
38.Bxc3 bxc3 39.Rxc3 Rb5 40.Rxe5 dxe5 41.a6 e4 42.Kg1 Reb8 43.Bf1 Ra5 44.Kf2 Ra3
45.Bc4 Rc8 46.Re3 Kg7 47.Re1 Rb8 48.Ke2 Kf6 49.Kd2 Rc8 50.Rb1 Ke5 51.Be2 Ra2+
52.Ke1 Rcc2 53.Bf1 e3 54.b4 e2 55.Bg2 Rxa6 56.b5 Rb6 57.Bf3 Rc3 58.Bxe2 Rxg3
59.Kf2 Rc3 60.Re1 Kxd5 61.Rd1+ Ke4 62.Ra1 f4 63.Ra4+ Kf5 64.Ra8 e5 65.Ra7 e4
66.Rf7+ Rf6 67.Rd7 f3

[Event "Aut_chT0809"]
[Site "Graz"]
[Date "2009.01.23"]
[Round "5"]
[Board "5"]
[White "Volkmann, Friedrich Karl"]
[Black "Novkovic, Milan"]
[Result "1/2-1/2"]
[WhiteElo "2444"]
[BlackElo "2407"]
[PlyCount "57"]
[EventDate "2008.11.07"]
[EventType "team"]
[EventRounds "11"]
[EventCountry "AUT"]
[WhiteTeam "ASVOE Wulkaprodersdorf"]
[BlackTeam "SK Hohenems"]

1.d4 Nf6 2.c4 e6 3.Nc3 d5 4.Bg5 Be7 5.e3 h6 6.Bh4 O-O 7.Nf3 b6 8.Qc2 Bb7 9.Bxf6
Bxf6 10.cxd5 exd5 11.O-O-O Nd7 12.g4 g6 13.h4 Bg7 14.Kb1 c5 15.Bg2 Rc8 16.h5 g5
17.Qf5 cxd4 18.Nxd4 Nf6 19.f4 Rxc3 20.bxc3 Bc8 21.Qd3 Nxg4 22.Rhf1 Re8 23.Nc2
gxf4 24.Rxf4 Ne5 25.Qxd5 Qc7 26.Qb3 Bg4 27.Rh1 Be2 28.Bd5 b5 29.Rg1

[Event "Aut_chT0809"]
[Site "Graz"]
[Date "2009.01.23"]
[Round "5"]
[Board "6"]
[White "Froewis, Georg"]
[Black "Schweda, Roland"]
[Result "1/2-1/2"]
[WhiteElo "2255"]
[BlackElo "2420"]
[PlyCount "66"]
[EventDate "2008.11.07"]
[EventType "team"]
[EventRounds "11"]
[EventCountry "AUT"]
[WhiteTeam "SK Hohenems"]
[BlackTeam "ASVOE Wulkaprodersdorf"]

1.e4 c5 2.Nf3 a6 3.c4 Nc6 4.Nc3 d6 5.d4 cxd4 6.Nxd4 g6 7.Be3 Bg7 8.Be2 Nf6 9.f3
O-O 10.O-O Nxd4 11.Bxd4 Be6 12.b3 Qa5 13.Qd2 Rfc8 14.Rad1 Nd7 15.Bxg7 Kxg7 16.f4
Nf6 17.Qb2 Kg8 18.f5 gxf5 19.exf5 Bxf5 20.Rd5 Qb6+ 21.Kh1 Bg6 22.Rg5 Qd4 23.Qc1
b5 24.Rf4 Qb6 25.h4 h5 26.Bd3 Nh7 27.Rxf7 Qd4 28.Rxh7 Qxh4+ 29.Kg1 Qd4+ 30.Kh1
Qh4+ 31.Kg1 Qd4+ 32.Kh1 Qh4+ 33.Kg1 Qd4+

[Event "Aut_chT0809"]
[Site "Graz"]
[Date "2009.01.24"]
[Round "6"]
[Board "1"]
[White "Ragger, Markus"]
[Black "Baramidze, David"]
[Result "1/2-1/2"]
[WhiteElo "2540"]
[BlackElo "2548"]
[PlyCount "27"]
[EventDate "2008.11.07"]
[EventType "team"]
[EventRounds "11"]
[EventCountry "AUT"]
[WhiteTeam "SK Kl.Ztg.MPOE Maria Saal"]
[BlackTeam "SK Hohenems"]

1.e4 e5 2.Nf3 Nc6 3.Bb5 a6 4.Ba4 Nf6 5.O-O Be7 6.Re1 b5 7.Bb3 d6 8.c3 O-O 9.h3
Nb8 10.d4 Nbd7 11.Nbd2 Bb7 12.Bc2 Re8 13.Nf1 Bf8 14.Ng3

[Event "Aut_chT0809"]
[Site "Graz"]
[Date "2009.01.24"]
[Round "6"]
[Board "2"]
[White "Braun, Arik"]
[Black "Pavasovic, Dusko"]
[Result "1/2-1/2"]
[WhiteElo "2558"]
[BlackElo "2598"]
[PlyCount "70"]
[EventDate "2008.11.07"]
[EventType "team"]
[EventRounds "11"]
[EventCountry "AUT"]
[WhiteTeam "SK Hohenems"]
[BlackTeam "SK Kl.Ztg.MPOE Maria Saal"]

1.d4 d5 2.c4 e6 3.Nc3 c6 4.e3 Nf6 5.Nf3 Nbd7 6.Bd3 dxc4 7.Bxc4 b5 8.Be2 Bb7
9.O-O a6 10.e4 c5 11.e5 Nd5 12.a4 b4 13.Ne4 Qc7 14.Re1 h6 15.b3 cxd4 16.Qxd4 Nc5
17.Nxc5 Bxc5 18.Qg4 Qb6 19.Qg3 Nc3 20.Nd2 Bd5 21.Bc4 O-O-O 22.Bxd5 Rxd5 23.Qf3
Rhd8 24.Nc4 Qa7 25.Be3 Bxe3 26.Rxe3 Rd1+ 27.Re1 R1d3 28.Qg4 Qd4 29.Qxg7 Rd1
30.Raxd1 Qxd1 31.Nd6+ Rxd6 32.Qf8+ Kb7 33.Qe7+ Ka8 34.Qe8+ Kb7 35.Qe7+ Ka8

[Event "Aut_chT0809"]
[Site "Graz"]
[Date "2009.01.24"]
[Round "6"]
[Board "3"]
[White "Buhmann, Rainer"]
[Black "Bezold, Michael"]
[Result "1-0"]
[WhiteElo "2565"]
[BlackElo "2509"]
[PlyCount "85"]
[EventDate "2008.11.07"]
[EventType "team"]
[EventRounds "11"]
[EventCountry "AUT"]
[WhiteTeam "SK Kl.Ztg.MPOE Maria Saal"]
[BlackTeam "SK Hohenems"]

1.Nf3 c5 2.c4 Nf6 3.Nc3 g6 4.d4 cxd4 5.Nxd4 Nc6 6.e4 d6 7.Be2 Bg7 8.Be3 Bd7
9.Nb3 O-O 10.O-O a5 11.Nd2 Ne5 12.Nd5 Nxd5 13.cxd5 f5 14.exf5 gxf5 15.Rc1 a4
16.f4 Ng4 17.Bxg4 fxg4 18.Nc4 a3 19.b3 b5 20.Nb6 Ra6 21.Nxd7 Qxd7 22.Qd3 Raa8
23.f5 h5 24.Qe4 Rac8 25.Rc6 Be5 26.Qc2 b4 27.Bh6 Rfd8 28.f6 exf6 29.Qg6+ Kh8
30.Qxh5 Qh7 31.Rf5 Rg8 32.Kf1 Rc7 33.Rxc7 Qxc7 34.Bd2+ Kg7 35.Bh6+ Kh8 36.Bd2+
Kg7 37.Qxg4+ Kf7 38.Qe4 Rc8 39.Rf2 Qc2 40.Qxc2 Rxc2 41.Bxb4 Rc1+ 42.Ke2 Bd4
43.Rf1

[Event "Aut_chT0809"]
[Site "Graz"]
[Date "2009.01.24"]
[Round "6"]
[Board "4"]
[White "Atlas, Valery"]
[Black "Bunzmann, Dimitrij"]
[Result "1-0"]
[WhiteElo "2431"]
[BlackElo "2488"]
[PlyCount "137"]
[EventDate "2008.11.07"]
[EventType "team"]
[EventRounds "11"]
[EventCountry "AUT"]
[WhiteTeam "SK Hohenems"]
[BlackTeam "SK Kl.Ztg.MPOE Maria Saal"]

1.e4 e6 2.d4 d5 3.Nc3 Nf6 4.e5 Nfd7 5.f4 c5 6.Nf3 Nc6 7.Be3 a6 8.Qd2 b5 9.g3
cxd4 10.Nxd4 Bb7 11.Bg2 Bb4 12.a3 Bc5 13.O-O Nxd4 14.Bxd4 Bxd4+ 15.Qxd4 Qb6
16.Ne2 Ke7 17.c3 Rhc8 18.Qxb6 Nxb6 19.Nd4 Bc6 20.Rf2 Bd7 21.g4 g6 22.Re1 Rab8
23.f5 gxf5 24.gxf5 Rg8 25.f6+ Kd8 26.Rf4 h6 27.Rh4 Rg6 28.Ne2 Nc4 29.Nf4 Rg5
30.Nd3 Kc7 31.Kf2 Rf5+ 32.Bf3 Rg8 33.Rh5 Rgg5 34.Rxg5 Rxg5 35.h4 Rg8 36.Rg1 Rxg1
37.Kxg1 Kd8 38.Kf2 a5 39.Be2 Ke8 40.Kg3 Kf8 41.Kf4 Bc6 42.Bd1 Kg8 43.Bc2 Ba8
44.Bb1 Nd2 45.Ba2 Kh7 46.Ke3 Nf1+ 47.Kf2 Nd2 48.Ke2 Ne4 49.Nf4 Nc5 50.Bb1+ Kg8
51.Ke3 Bc6 52.Nd3 Ne4 53.Nf2 Nc5 54.Bc2 Na6 55.Ng4 h5 56.Nh6+ Kf8 57.Bd1 b4
58.Bxh5 bxa3 59.bxa3 Be8 60.Be2 Nc5 61.Ng4 Ne4 62.Kd4 Ng3 63.Bd3 Nh5 64.Ke3 Bc6
65.Nh2 a4 66.Nf3 Ng3 67.Nd4 Bb7 68.Kf4 Nh1 69.Kf3

[Event "Aut_chT0809"]
[Site "Graz"]
[Date "2009.01.24"]
[Round "6"]
[Board "5"]
[White "Tratar, Marko"]
[Black "Novkovic, Milan"]
[Result "1/2-1/2"]
[WhiteElo "2497"]
[BlackElo "2407"]
[PlyCount "59"]
[EventDate "2008.11.07"]
[EventType "team"]
[EventRounds "11"]
[EventCountry "AUT"]
[WhiteTeam "SK Kl.Ztg.MPOE Maria Saal"]
[BlackTeam "SK Hohenems"]

1.d4 Nf6 2.Nf3 e6 3.c4 Bb4+ 4.Bd2 Qe7 5.g3 Nc6 6.Nc3 Bxc3 7.Bxc3 Ne4 8.Qc2 Nxc3
9.Qxc3 Qb4 10.Qxb4 Nxb4 11.Kd2 b6 12.a3 Nc6 13.Bg2 Bb7 14.Kc3 Ne7 15.b4 a6 16.a4
a5 17.b5 Ng8 18.Ne1 Bxg2 19.Nxg2 f5 20.f3 Nf6 21.Nf4 g5 22.Nd3 h5 23.Kd2 Ke7
24.Nf2 d6 25.e4 fxe4 26.Nxe4 Nxe4+ 27.fxe4 e5 28.Raf1 Raf8 29.Ke3 Ke6 30.d5+

[Event "Aut_chT0809"]
[Site "Graz"]
[Date "2009.01.24"]
[Round "6"]
[Board "6"]
[White "Froewis, Georg"]
[Black "Schachinger, Mario"]
[Result "1/2-1/2"]
[WhiteElo "2255"]
[BlackElo "2336"]
[PlyCount "103"]
[EventDate "2008.11.07"]
[EventType "team"]
[EventRounds "11"]
[EventCountry "AUT"]
[WhiteTeam "SK Hohenems"]
[BlackTeam "SK Kl.Ztg.MPOE Maria Saal"]

1.d4 Nf6 2.Nf3 e6 3.c4 d5 4.Nc3 dxc4 5.e4 a6 6.Bxc4 b5 7.Bd3 Bb7 8.O-O b4 9.e5
bxc3 10.exf6 Qxf6 11.Ne5 Bd6 12.Qa4+ Kf8 13.bxc3 Qd8 14.Rb1 Qc8 15.f4 f5 16.Bxf5
exf5 17.Qc4 Bxe5 18.fxe5 Be4 19.Rb6 c6 20.e6 Qd8 21.Qc5+ Kg8 22.e7 Qe8 23.Qe5 h6
24.Rb7 Kh7 25.Qe6 Qg6 26.Qxg6+ Kxg6 27.c4 Re8 28.Bf4 a5 29.a3 Kf7 30.g4 g6 31.h4
Rxe7 32.Rxb8 Rxb8 33.Bxb8 Rb7 34.Be5 Rb3 35.h5 Rxa3 36.hxg6+ Kxg6 37.gxf5+ Bxf5
38.d5 cxd5 39.cxd5 Rd3 40.Ra1 Rxd5 41.Bc7 h5 42.Bxa5 h4 43.Be1 h3 44.Ra3 Rd1
45.Re3 Kg5 46.Kh2 Kf4 47.Re8 Rd3 48.Rf8 Ke4 49.Re8+ Kf3 50.Rf8 Rd5 51.Ra8 Ke2
52.Ra5

[Event "Aut_chT0809"]
[Site "Graz"]
[Date "2009.01.24"]
[Round "6"]
[Board "1"]
[White "Ruck, Robert"]
[Black "Miroshnichenko, Evgenij"]
[Result "1/2-1/2"]
[WhiteElo "2558"]
[BlackElo "2667"]
[PlyCount "57"]
[EventDate "2008.11.07"]
[EventType "team"]
[EventRounds "11"]
[EventCountry "AUT"]
[WhiteTeam "ASVOE Pamhagen"]
[BlackTeam "ASVOE Wulkaprodersdorf"]

1.Nf3 Nf6 2.c4 e6 3.Nc3 Bb4 4.Qc2 O-O 5.a3 Bxc3 6.Qxc3 c5 7.e3 b6 8.b4 d6 9.Be2
Nbd7 10.O-O Bb7 11.Bb2 Qe7 12.Rfe1 Rfc8 13.d3 Nf8 14.Nd2 Ng6 15.d4 Rc7 16.Rad1
Rac8 17.dxc5 dxc5 18.b5 Rd7 19.Nf1 Rxd1 20.Rxd1 Rd8 21.Rxd8+ Qxd8 22.f3 Ne8
23.a4 a5 24.Ng3 f6 25.Qc2 Nd6 26.Bd3 Nf8 27.Kf2 e5 28.Nf5 h6 29.Nxd6

[Event "Aut_chT0809"]
[Site "Graz"]
[Date "2009.01.24"]
[Round "6"]
[Board "2"]
[White "Polzin, Rainer"]
[Black "Markos, Jan"]
[Result "1/2-1/2"]
[WhiteElo "2500"]
[BlackElo "2577"]
[PlyCount "27"]
[EventDate "2008.11.07"]
[EventType "team"]
[EventRounds "11"]
[EventCountry "AUT"]
[WhiteTeam "ASVOE Wulkaprodersdorf"]
[BlackTeam "ASVOE Pamhagen"]

1.e4 c5 2.Nf3 Nc6 3.Nc3 Nf6 4.Bb5 Qc7 5.O-O a6 6.Bxc6 dxc6 7.d3 e5 8.a4 a5 9.b3
Be7 10.Ne2 Nh5 11.Ng3 Nxg3 12.fxg3 Be6 13.Be3 b6 14.Ng5

[Event "Aut_chT0809"]
[Site "Graz"]
[Date "2009.01.24"]
[Round "6"]
[Board "3"]
[White "Ftacnik, Lubomir"]
[Black "Likavsky, Tomas"]
[Result "1-0"]
[WhiteElo "2562"]
[BlackElo "2498"]
[PlyCount "82"]
[EventDate "2008.11.07"]
[EventType "team"]
[EventRounds "11"]
[EventCountry "AUT"]
[WhiteTeam "ASVOE Pamhagen"]
[BlackTeam "ASVOE Wulkaprodersdorf"]

1.Nf3 b6 2.g3 Bb7 3.Bg2 e5 4.c4 e4 5.Nd4 Qf6 6.e3 Bc5 7.Nb5 Na6 8.d4 Bb4+ 9.Bd2
c6 10.Nc7+ Nxc7 11.Bxb4 a5 12.Ba3 d5 13.Nd2 b5 14.cxb5 cxb5 15.Rc1 Na6 16.Qe2
Bc6 17.Bc5 Nxc5 18.Rxc5 Ne7 19.O-O Qd6 20.f3 exf3 21.Nxf3 f6 22.Nh4 g6 23.e4
dxe4 24.Rxc6 Nxc6 25.Qxe4+ Kd7 26.Qg4+ f5 27.Nxf5 gxf5 28.Qxf5+ Kc7 29.Rc1 Ra6
30.d5 Re8 31.dxc6 Re2 32.Qxh7+ Qe7 33.Qxe7+ Rxe7 34.h4 Re2 35.Rf1 Rxb2 36.Rf7+
Kd6 37.c7 Rxg2+ 38.Kxg2 Rc6 39.Rf6+ Kxc7 40.Rxc6+ Kxc6 41.h5 Kd5

[Event "Aut_chT0809"]
[Site "Graz"]
[Date "2009.01.24"]
[Round "6"]
[Board "4"]
[White "Kalod, Radek"]
[Black "Cvek, Robert"]
[Result "1/2-1/2"]
[WhiteElo "2504"]
[BlackElo "2531"]
[PlyCount "26"]
[EventDate "2008.11.07"]
[EventType "team"]
[EventRounds "11"]
[EventCountry "AUT"]
[WhiteTeam "ASVOE Wulkaprodersdorf"]
[BlackTeam "ASVOE Pamhagen"]

1.d4 Nf6 2.c4 e6 3.Nc3 d5 4.e3 Be7 5.Nf3 O-O 6.Bd3 dxc4 7.Bxc4 c5 8.O-O Nc6
9.dxc5 Bxc5 10.a3 a6 11.b4 Be7 12.Bb2 b5 13.Be2 Qxd1

[Event "Aut_chT0809"]
[Site "Graz"]
[Date "2009.01.24"]
[Round "6"]
[Board "5"]
[White "Antoniewski, Rafal"]
[Black "Volkmann, Friedrich Karl"]
[Result "1-0"]
[WhiteElo "2513"]
[BlackElo "2444"]
[PlyCount "129"]
[EventDate "2008.11.07"]
[EventType "team"]
[EventRounds "11"]
[EventCountry "AUT"]
[WhiteTeam "ASVOE Pamhagen"]
[BlackTeam "ASVOE Wulkaprodersdorf"]

1.e4 e5 2.Nf3 Nf6 3.Nxe5 Nxe4 4.Qe2 Qe7 5.Qxe4 d6 6.d4 dxe5 7.dxe5 Nc6 8.Bb5 Bd7
9.Nc3 Qb4 10.Qf4 a6 11.Bd3 Qa5 12.Be4 O-O-O 13.Qxf7 Bb4 14.O-O Bxc3 15.bxc3 Qxe5
16.Qd5 Qxd5 17.Bxd5 Bf5 18.Bb3 Na5 19.Bg5 Nxb3 20.cxb3 Rd3 21.Rac1 Re8 22.Be3 g6
23.h3 a5 24.Rfe1 b6 25.Kf1 h5 26.Ke2 Rd6 27.f3 a4 28.Kf2 Be6 29.Bf4 Rd3 30.Re4
axb3 31.axb3 Bf7 32.Rd4 Rxd4 33.cxd4 Re7 34.Rc6 Be8 35.Rc3 Bf7 36.Be5 Kb7 37.b4
c6 38.Kg3 Be8 39.Kh4 Ka6 40.Ra3+ Kb5 41.Ra8 Re6 42.Rb8 Kxb4 43.Rxb6+ Kc4 44.Kg5
Kd5 45.f4 Ke4 46.Ra6 Kd5 47.Ra8 Ke4 48.Rd8 Bf7 49.Rd7 Be8 50.Rc7 Kd5 51.g4 hxg4
52.hxg4 c5 53.Rxc5+ Ke4 54.d5 Ra6 55.d6 Ra7 56.Rc8 Bd7 57.Rd8 Kf3 58.Rxd7 Rxd7
59.Kxg6 Kxg4 60.Kf6 Rh7 61.Ke6 Rh6+ 62.Ke7 Kf5 63.d7 Rh7+ 64.Kd6 Rh1 65.Kd5

[Event "Aut_chT0809"]
[Site "Graz"]
[Date "2009.01.24"]
[Round "6"]
[Board "6"]
[White "Schweda, Roland"]
[Black "Lipka, Juraj"]
[Result "1/2-1/2"]
[WhiteElo "2420"]
[BlackElo "2426"]
[PlyCount "38"]
[EventDate "2008.11.07"]
[EventType "team"]
[EventRounds "11"]
[EventCountry "AUT"]
[WhiteTeam "ASVOE Wulkaprodersdorf"]
[BlackTeam "ASVOE Pamhagen"]

1.d4 d5 2.Nf3 Nf6 3.c4 c6 4.Qc2 dxc4 5.Qxc4 Bf5 6.Nc3 e6 7.g3 Nbd7 8.Bg2 Be7
9.O-O O-O 10.e3 b5 11.Qe2 b4 12.Nb1 Rc8 13.Nbd2 c5 14.a3 bxa3 15.b3 Ne4 16.Nc4
Nc3 17.Qd2 Nb5 18.Nxa3 Nxa3 19.Bxa3 Be4

[Event "Aut_chT0809"]
[Site "Graz"]
[Date "2009.01.24"]
[Round "6"]
[Board "1"]
[White "Weiss, Christian"]
[Black "Gyimesi, Zoltan"]
[Result "0-1"]
[WhiteElo "2424"]
[BlackElo "2582"]
[PlyCount "70"]
[EventDate "2008.11.07"]
[EventType "team"]
[EventRounds "11"]
[EventCountry "AUT"]
[WhiteTeam "Union Ansfelden"]
[BlackTeam "Sparkasse Jenbach"]

1.d4 Nf6 2.Nf3 d5 3.c4 e6 4.e3 Be7 5.Nc3 O-O 6.Bd3 dxc4 7.Bxc4 c5 8.O-O a6 9.Qe2
b5 10.Bd3 Nbd7 11.b3 Bb7 12.Bb2 Qb6 13.Rad1 Rfd8 14.Bb1 Rac8 15.dxc5 Nxc5
16.Rxd8+ Rxd8 17.Rd1 b4 18.Rxd8+ Qxd8 19.Nd1 Qd5 20.Ne1 e5 21.f3 e4 22.Nf2 exf3
23.gxf3 Nfd7 24.e4 Qg5+ 25.Ng2 Ne6 26.Nd3 Ndc5 27.Kh1 Nxd3 28.Bxd3 Bd6 29.e5 Bc5
30.Bxa6 Nf4 31.Qd2 Bxf3 32.Bf1 h6 33.Bc1 Nh3 34.Qxg5 hxg5 35.Bd2 Nf2+

[Event "Aut_chT0809"]
[Site "Graz"]
[Date "2009.01.24"]
[Round "6"]
[Board "2"]
[White "Schlosser, Philipp"]
[Black "Knoll, Hermann"]
[Result "1-0"]
[WhiteElo "2570"]
[BlackElo "2371"]
[PlyCount "67"]
[EventDate "2008.11.07"]
[EventType "team"]
[EventRounds "11"]
[EventCountry "AUT"]
[WhiteTeam "Sparkasse Jenbach"]
[BlackTeam "Union Ansfelden"]

1.d4 Nf6 2.c4 e6 3.g3 c5 4.Nf3 cxd4 5.Nxd4 Nc6 6.Bg2 Qb6 7.Nb5 Bc5 8.N1c3 a6
9.Nd6+ Ke7 10.Nde4 Nxe4 11.Nxe4 Bb4+ 12.Bd2 d5 13.cxd5 exd5 14.Nc3 Bxc3 15.bxc3
Rd8 16.O-O Kf8 17.Bg5 f6 18.Be3 Qa5 19.Qb1 Qxc3 20.Qxh7 Be6 21.Rab1 Rab8 22.Rfc1
Qe5 23.Bf4 Qf5 24.Qxf5 Bxf5 25.e4 dxe4 26.Rxc6 e3 27.Rcc1 Bxb1 28.Bxb8 e2 29.Bf3
Bxa2 30.Bc7 Re8 31.Re1 Bc4 32.Bxb7 Kf7 33.Bf3 Rc8 34.Bf4

[Event "Aut_chT0809"]
[Site "Graz"]
[Date "2009.01.24"]
[Round "6"]
[Board "3"]
[White "Hellmayr, Alois"]
[Black "Lehner, Oliver"]
[Result "1/2-1/2"]
[WhiteElo "2333"]
[BlackElo "2413"]
[PlyCount "98"]
[EventDate "2008.11.07"]
[EventType "team"]
[EventRounds "11"]
[EventCountry "AUT"]
[WhiteTeam "Union Ansfelden"]
[BlackTeam "Sparkasse Jenbach"]

1.c4 g6 2.g3 Bg7 3.Bg2 d6 4.Nc3 e5 5.e3 Ne7 6.Nge2 O-O 7.O-O c6 8.d4 Na6 9.b3
exd4 10.Nxd4 Nc5 11.Bb2 Qb6 12.Rb1 Rd8 13.Ba1 a5 14.Qe2 Qa6 15.Rfd1 Nf5 16.Nc2
Qb6 17.Rd2 Re8 18.e4 Bh6 19.Rdd1 Qc7 20.Qf3 Ng7 21.Qf6 Nce6 22.Nd4 Qd8 23.Qf3
Qe7 24.h4 Nxd4 25.Rxd4 Ne6 26.Rdd1 Nc5 27.Rd4 Bg7 28.Rd2 f5 29.exf5 Bxf5 30.Rbd1
Rad8 31.g4 Bc8 32.Qg3 Be5 33.f4 Bf6 34.g5 Bg7 35.Bb2 Bf5 36.Ba3 Rd7 37.Kh2 Qd8
38.Bxc5 dxc5 39.Rxd7 Bxd7 40.Ne4 Bd4 41.Nf6+ Bxf6 42.gxf6 Qc7 43.Qg5 Bf5 44.h5
Qf7 45.Rd2 Rf8 46.Rd6 Qc7 47.Rd1 Qf7 48.Rd6 Qc7 49.Rd1 Qf7

[Event "Aut_chT0809"]
[Site "Graz"]
[Date "2009.01.24"]
[Round "6"]
[Board "4"]
[White "Stangl, Markus"]
[Black "Moser, Guenter"]
[Result "1-0"]
[WhiteElo "2458"]
[BlackElo "2341"]
[PlyCount "97"]
[EventDate "2008.11.07"]
[EventType "team"]
[EventRounds "11"]
[EventCountry "AUT"]
[WhiteTeam "Sparkasse Jenbach"]
[BlackTeam "Union Ansfelden"]

1.Nf3 f5 2.d3 d6 3.e4 c6 4.Nh4 Nf6 5.Nxf5 Bxf5 6.exf5 Qa5+ 7.Nc3 Qxf5 8.d4 e5
9.Bd3 Qe6 10.O-O Nbd7 11.dxe5 dxe5 12.Qe2 O-O-O 13.a4 Bd6 14.a5 Rhe8 15.a6 b6
16.Ne4 Nxe4 17.Qxe4 Kc7 18.Bc4 Nf6 19.Bxe6 Nxe4 20.Bf5 Nf6 21.Re1 h6 22.c3 Re7
23.g3 Rf8 24.Kg2 Nd5 25.Be4 Nf6 26.Bg6 Nd5 27.Re2 Bc5 28.Bd2 Rd7 29.Be1 Bd6
30.b4 b5 31.Bd3 Nb6 32.Re3 Rf6 33.Rc1 Rdf7 34.Be2 Rf8 35.Re4 Kb8 36.c4 bxc4
37.Bxc4 Bc7 38.Rc2 Rd8 39.Be2 Nd5 40.Rec4 Rdd6 41.Bf3 Ne7 42.b5 Nf5 43.bxc6 Nd4
44.Rb2+ Kc8 45.Be4 Nxc6 46.Bc3 Kd8 47.f4 Rfe6 48.f5 Rf6 49.Rb7

[Event "Aut_chT0809"]
[Site "Graz"]
[Date "2009.01.24"]
[Round "6"]
[Board "5"]
[White "Klinger, Josef"]
[Black "Reich, Thomas"]
[Result "1-0"]
[WhiteElo "2429"]
[BlackElo "2404"]
[PlyCount "157"]
[EventDate "2008.11.07"]
[EventType "team"]
[EventRounds "11"]
[EventCountry "AUT"]
[WhiteTeam "Union Ansfelden"]
[BlackTeam "Sparkasse Jenbach"]

1.e4 c5 2.Nc3 g6 3.g3 Bg7 4.d3 Nc6 5.Be3 d6 6.Qd2 Nf6 7.h3 O-O 8.Bg2 Rb8 9.Nge2
b5 10.O-O b4 11.Nd1 Ne8 12.Bh6 e5 13.Bxg7 Kxg7 14.f4 Nd4 15.Ne3 Nxe2+ 16.Qxe2
Nc7 17.f5 f6 18.h4 Bb7 19.Qd2 Qe7 20.Rf2 Kh8 21.Raf1 Qg7 22.fxg6 hxg6 23.h5 g5
24.h6 Qg6 25.Ng4 Ne8 26.Rf5 Rf7 27.Qxg5 Qxg5 28.Rxg5 Bc8 29.Bh3 Kh7 30.Kg2 Be6
31.Rh5 Rb6 32.Ne3 Bxh3+ 33.Rxh3 Ra6 34.Ra1 Nc7 35.a4 d5 36.exd5 Rd7 37.b3 Nxd5
38.Nxd5 Rxd5 39.Rf1 Rd4 40.Rh5 Rg4 41.Kf3 Rg6 42.Rfh1 Rd6 43.R1h4 Rd4 44.a5 Rg8
45.Rf5 Rg6 46.Rfh5 Rg8 47.Rxd4 cxd4 48.g4 Rc8 49.Rh2 Rc5 50.Ke4 Rxa5 51.Kf5 Ra6
52.g5 fxg5 53.Kxg5 Ra5 54.Kf5 Rb5 55.Ke6 a5 56.Kd6 a4 57.bxa4 Ra5 58.Ke6 Rxa4
59.Kxe5 Ra2 60.Rh4 Rxc2 61.Rxd4 b3 62.Rb4 b2 63.Rb6 Re2+ 64.Kd4 Rc2 65.Ke3 Rc8
66.Rxb2 Re8+ 67.Kf4 Rd8 68.Ke4 Re8+ 69.Kf5 Rd8 70.Ke4 Re8+ 71.Kf5 Rd8 72.Rd2
Kxh6 73.d4 Kg7 74.Ke6 Kf8 75.d5 Re8+ 76.Kd7 Re7+ 77.Kc6 Re1 78.Ra2 Rd1 79.d6

[Event "Aut_chT0809"]
[Site "Graz"]
[Date "2009.01.24"]
[Round "6"]
[Board "6"]
[White "Deglmann, Ludwig"]
[Black "Tkaczuk, Rainer"]
[Result "0-1"]
[WhiteElo "2325"]
[BlackElo "2271"]
[PlyCount "126"]
[EventDate "2008.11.07"]
[EventType "team"]
[EventRounds "11"]
[EventCountry "AUT"]
[WhiteTeam "Sparkasse Jenbach"]
[BlackTeam "Union Ansfelden"]

1.g3 e5 2.c4 h5 3.Bg2 Nc6 4.Nc3 Be7 5.Nf3 d6 6.d4 Bg4 7.d5 Nb8 8.h3 Bxf3 9.Bxf3
Nd7 10.h4 Ngf6 11.e4 a5 12.Be3 Nc5 13.Kf1 Qd7 14.Kg2 Ng4 15.Bxg4 hxg4 16.Bxc5
dxc5 17.Qe2 g6 18.Raf1 Bd6 19.f3 gxf3+ 20.Qxf3 Rh7 21.h5 O-O-O 22.hxg6 fxg6
23.Qf6 Rg8 24.Rxh7 Qxh7 25.Nb5 Qd7 26.Qf7 Qxf7 27.Rxf7 g5 28.Nc3 Kd8 29.Nd1 Rh8
30.Ne3 a4 31.Nf5 Bf8 32.Rf6 Be7 33.Re6 Rh7 34.b3 a3 35.Rxe5 Bf6 36.Re6 Bc3
37.Rg6 c6 38.d6 b5 39.Rg8+ Kd7 40.Rb8 Rh8 41.Rb7+ Ke6 42.cxb5 cxb5 43.Rxb5 Rc8
44.Rb7 Bf6 45.Rc7 Rb8 46.Rxc5 g4 47.Ne3 Bd4 48.Ra5 Bxe3 49.Rxa3 Rb4 50.Ra8 Kxd6
51.Re8 Kd7 52.Re5 Rd4 53.a4 Rb4 54.Kf1 Rxb3 55.Ke2 Bg1 56.a5 Rxg3 57.a6 Ra3
58.Kf1 Be3 59.Ke2 g3 60.Rd5+ Ke6 61.Kf3 Bf2+ 62.Kg2 Rxa6 63.Rh5 Ra3

[Event "Aut_chT0809"]
[Site "Graz"]
[Date "2009.01.24"]
[Round "6"]
[Board "2"]
[White "Levin, Felix"]
[Black "Korneev, Oleg"]
[Result "1/2-1/2"]
[WhiteElo "2536"]
[BlackElo "2613"]
[PlyCount "23"]
[EventDate "2008.11.07"]
[EventType "team"]
[EventRounds "11"]
[EventCountry "AUT"]
[WhiteTeam "SK Absam"]
[BlackTeam "Holz Dohr"]

1.d4 d5 2.c4 c6 3.Nf3 Nf6 4.e3 Bf5 5.Nc3 e6 6.Nh4 Be4 7.f3 Bg6 8.Qb3 Qc7 9.Bd2
Be7 10.Nxg6 hxg6 11.O-O-O a6 12.c5

[Event "Aut_chT0809"]
[Site "Graz"]
[Date "2009.01.24"]
[Round "6"]
[Board "3"]
[White "Baklan, Vladimir"]
[Black "Rotstein, Arkadij"]
[Result "1/2-1/2"]
[WhiteElo "2627"]
[BlackElo "2505"]
[PlyCount "59"]
[EventDate "2008.11.07"]
[EventType "team"]
[EventRounds "11"]
[EventCountry "AUT"]
[WhiteTeam "Holz Dohr"]
[BlackTeam "SK Absam"]

1.e4 c5 2.Nf3 e6 3.Nc3 a6 4.d4 cxd4 5.Nxd4 Nc6 6.g3 Qc7 7.Bg2 Nf6 8.O-O d6 9.Re1
Nxd4 10.Qxd4 Be7 11.e5 dxe5 12.Rxe5 O-O 13.Bf4 Qd8 14.Rd1 Qxd4 15.Rxd4 Bd7
16.Re2 Bc6 17.Bxc6 bxc6 18.Rc4 Rfc8 19.Na4 Nd5 20.Be3 Rab8 21.Bc5 Bxc5 22.Rxc5
Nb6 23.Nxb6 Rxb6 24.b3 Rb5 25.Ree5 Kf8 26.a4 Rxc5 27.Rxc5 Ke7 28.Kf1 Kd6 29.Rc3
e5 30.Ke2

[Event "Aut_chT0809"]
[Site "Graz"]
[Date "2009.01.24"]
[Round "6"]
[Board "4"]
[White "Wegerle, Joerg"]
[Black "Kosten, Anthony C"]
[Result "1/2-1/2"]
[WhiteElo "2431"]
[BlackElo "2514"]
[PlyCount "34"]
[EventDate "2008.11.07"]
[EventType "team"]
[EventRounds "11"]
[EventCountry "AUT"]
[WhiteTeam "SK Absam"]
[BlackTeam "Holz Dohr"]

1.e4 e5 2.Nf3 Nc6 3.Bb5 Nf6 4.O-O Nxe4 5.Re1 Nd6 6.Nxe5 Be7 7.Bf1 Nxe5 8.Rxe5
O-O 9.d4 b6 10.c3 Bb7 11.Bd3 f5 12.Re2 Bg5 13.f3 Bxc1 14.Qxc1 Qf6 15.Na3 Rae8
16.Qf1 Rxe2 17.Qxe2 Re8